| 000 | 00646nab a2200181 4500 | ||
|---|---|---|---|
| 001 | 244442 | ||
| 003 | OSt | ||
| 005 | 20250815094231.0 | ||
| 007 | tu | ||
| 008 | 200917s2020||||||| | ||
| 040 |
_aDE-2950 _cDE-2950 |
||
| 245 | 0 | 0 |
_aDie Stadt und ihre Bibliotheken _bStadtgeschichte. Zahlreiche Bibliotheken prägten das kulturelle Leben in der 'DDR. Das gilt auch für Frankfurt, wo Literatur einst sprichwörtlich vor der Haustür lag/. _cJanina Reinschmidt |
| 264 | _c2024 | ||
| 653 | _aFrankfurt (Oder) | ||
| 653 | _aBibliotheken | ||
| 773 | 0 |
_g36. Jahrgang (2025) Nr. 186 vom 12.08.2025, S. 16 mit Foto _tMärkische Oderzeitung |
|
| 942 |
_2z _cA |
||
| 999 |
_c373956 _d373956 |
||